000 00643nam a2200277Ia 4500
001 Z_3757
003 CHAP
008 220113s19XX xx 000 0 und d
010 _a166837
040 _cCHAP
090 _aFolleto 492
100 _aWellington, G H
_9140966
245 _aLet's cut meat /
_cpor G H Wellington
260 _aIthaca, N. Y. :
_bCornell University,
_c19XX
300 _a23 p.
440 _a
500 _a
503 _a
650 _aCarne
_xcortes I. t.
_9140967
901 _aFolleto 492
902 _aA
910 _a19XX
942 _cc14
942 _cc14
999 _c166837
_d166837